00367cam a2200109 a 4500020001500000082003200015100002000047245006200067260003200129300005900161526003700220 a0333412729 a956.95bLUNcL-30-II, P-1791 aLunt, James D.,10aHussein of Jordan :ba political biography /cJames Lunt. aLondon :bMacmillan,c1989. axxxv, 278 p., [8] p. of plates :bill., maps ;c24 cm. a0b0c0d956_950000000000000_LUN